000 00720nam a2200241 a 4500
001 BRL_149
005 20190320210617.0
008 181012s19uu----sz-f######---#000-0#eng-#
041 _aeng
044 _asz
050 4 _aND553.S6
_b.S68 1900
245 1 0 _aSoutine
_bmasterpieces of french painting
_cintroduced by Raymund Cogniat.
260 _aSuiza
_bSkira
_c[19--?]
300 _a1 v. (sin paginación)
_bil., 10 láminas
_c38 cm.
440 0 _aThe new Skira art books
_v18
_923045
500 _aSe compone por cuadernillos sueltos
500 _aAu176
600 1 4 _aSoutine, Chaim
_d1893-1943
_923046
650 1 4 _aPintores franceses
_97726
700 1 _aCogniat, Raymund
_923047
902 _aGRL
942 _2lcc
_cB
999 _c8962
_d8962